En viaje: Apuntes para ayuda memoria. 1919

Gorde:
Xehetasun bibliografikoak
Egile nagusia: Yáñez Ponce de León, Eliodoro (Egilea)
Formatua: Liburua
Hizkuntza:gaztelania
Argitaratua: Santiago Miverva 1921
Edizioa:2a. ed
Gaiak:
Etiketak: Etiketa erantsi
Etiketarik gabe, Izan zaitez lehena erregistro honi etiketa jartzen!

MARC

LEADER 00000nam a2200000 a 4500
001 UCJ3816
003 CL-VaPUC
008 070124e19210000CL |||||||||||||||||spa|d
082 0 4 |a 910.4  |b YAÑ  |2 21 
100 0 |a Yáñez Ponce de León, Eliodoro  |e author  |9 506202 
245 1 0 |a En viaje: Apuntes para ayuda memoria. 1919 
250 |a 2a. ed 
300 |a 398 p 
942 |c BK 
945 |d 20070124 00:00:00  |a rinostro 
260 |a Santiago  |b Miverva  |c 1921 
500 |a No obstante el título y la clasificación asignados, el tema de este libro es la gestión diplomática encomendada al autor por el Gobierno chileno con el objeto de reposicionar la imagen de Chile en Europa en donde aparecía teñida de una marcada germanofilia, lo que era un verdadero sambenito diplomático al término de la guerra de 1914, 1919 
600 0 7 |a LIGA DE LAS NACIONES  |2 CL-VaPUC  |9 453009 
600 0 |a Barros Jarpa, Ernesto   |d 1894-1977  |9 510280 
600 0 7 |a WILLIAM TEMPLE  |2 CL-VaPUC  |9 506203 
650 0 |a Viajes  |9 257115 
650 0 |a Diplomacia  |9 256483 
650 7 |a PSEUDONIMOS  |2 CL-VaPUC  |9 506204 
650 0 |a Primera Guerra Mundial   |9 373283 
650 0 |a Tratados internacionales   |9 256056 
650 0 |a Economía   |9 255568 
650 0 |a Socialismo  |9 255260 
650 0 |a Finanzas internacionales   |9 255570 
650 0 |a Política  |9 255312 
650 0 |a Arte  |9 265238 
650 7 |a TOROS  |2 CL-VaPUC  |9 372949 
650 7 |a PLEBISCITO DE TACNA Y ARICA  |2 CL-VaPUC  |9 314887 
650 7 |a TRATADO DE ANCON  |2 CL-VaPUC  |9 443808 
650 0 |a Guerra del Pacífico  |9 314886 
650 0 |a Discursos   |9 265028 
651 7 |a ESTADOS UNIDOS DE NORTEAMERICA  |2 CL-VaPUC  |9 316036 
651 0 |a Francia  |9 255157 
651 0 |a España  |9 254926 
651 0 |a Holanda  |9 267234 
651 7 |a BELGICA  |2 CL-VaPUC  |9 315122 
651 7 |a PORTUGAL  |2 CL-VaPUC  |9 255007 
583 |a last modification  |c 20070124 00:00:00  |k Rodrigo Vera 
999 |c 319938  |d 319936 
952 |0 0  |1 0  |4 0  |6 910_400000000000000_YAÑ_1921  |7 0  |8 X  |9 398345  |a FDOBUD  |b FDOBUD  |d 2019-11-22  |i 1008609  |o 910.4 YAÑ 1921  |p 1008609  |r 2019-11-22  |w 2019-11-22  |y BK_X  |k BUD